| 000 | 00446nam a2200157Ia 4500 | ||
|---|---|---|---|
| 999 |
_c523316 _d523316 |
||
| 005 | 20190131102019.0 | ||
| 008 | 190125s9999 xx 000 0 und d | ||
| 020 | _a9781420063127 | ||
| 040 | _cDLC | ||
| 082 |
_a690.068 _bFOR |
||
| 100 |
_aLincoln H. Forbes _913532 |
||
| 245 |
_aModern Construction : _bLean Project Delivery and Integrated Practices / |
||
| 260 |
_bCRC Press _aBoca Raton _c2011 |
||
| 300 | _axxxiv, 490p. : | ||
| 942 |
_2ddc _cBK |
||